<?xml version="1.0" encoding="UTF-8"?><?xml-stylesheet type="text/xsl" href="static/style.xsl"?><OAI-PMH xmlns="http://www.openarchives.org/OAI/2.0/" xmlns:xsi="http://www.w3.org/2001/XMLSchema-instance" xsi:schemaLocation="http://www.openarchives.org/OAI/2.0/ http://www.openarchives.org/OAI/2.0/OAI-PMH.xsd"><responseDate>2026-04-14T05:28:56Z</responseDate><request verb="GetRecord" identifier="oai:www.recercat.cat:20.500.12327/905" metadataPrefix="marc">https://recercat.cat/oai/request</request><GetRecord><record><header><identifier>oai:recercat.cat:20.500.12327/905</identifier><datestamp>2025-10-22T11:15:12Z</datestamp><setSpec>com_2072_4428</setSpec><setSpec>com_2072_4427</setSpec><setSpec>col_2072_487898</setSpec></header><metadata><record xmlns="http://www.loc.gov/MARC21/slim" xmlns:dcterms="http://purl.org/dc/terms/" xmlns:xsi="http://www.w3.org/2001/XMLSchema-instance" xmlns:doc="http://www.lyncode.com/xoai" xsi:schemaLocation="http://www.loc.gov/MARC21/slim http://www.loc.gov/standards/marcxml/schema/MARC21slim.xsd">
   <leader>00925njm 22002777a 4500</leader>
   <datafield ind2=" " ind1=" " tag="042">
      <subfield code="a">dc</subfield>
   </datafield>
   <datafield ind2=" " ind1=" " tag="720">
      <subfield code="a">Solá, Mireia</subfield>
      <subfield code="e">author</subfield>
   </datafield>
   <datafield ind2=" " ind1=" " tag="720">
      <subfield code="a">Riudavets, Jordi</subfield>
      <subfield code="e">author</subfield>
   </datafield>
   <datafield ind2=" " ind1=" " tag="720">
      <subfield code="a">Castañé, Cristina</subfield>
      <subfield code="e">author</subfield>
   </datafield>
   <datafield ind2=" " ind1=" " tag="260">
      <subfield code="c">2020-04-03</subfield>
   </datafield>
   <datafield ind2=" " ind1=" " tag="520">
      <subfield code="a">The presence of weevils is a concerning problem surrounding stored rice that is not well&#xd;
controlled with available pesticides, and alternative solutions are demanded nowadays by industry. The introduction of natural enemies can be very effective in closed environments where the grain is stored. In this study, we evaluated the effectiveness of the larval parasitoid, Anisopteromalus calandrae (Howard) (Hymenoptera: Pteromalidae), in reducing the populations of two problematic internal feeders of rice, Rhyzopertha dominica (F.) (Coleoptera: Bostrychidae) and Sitophilus zeamais (Motschulsky) (Coleoptera: Curculionidae). Three parasitoid:host ratios (1:1, 2:1, 4:1) were tested in small containers with 2Kg of brown rice at 23 and 28ºC during two host generations. Afterwards, host and parasitoid emergence, and rice damage was evaluated. The parasitoid drastically reduced both pest numbers (up to 99% reduction compared with the control treatment without the parasitoid) and their associated damage to rice grains (insect-damaged kernels, frass production and mould presence). The parasitoid was very effective at 23 and 28ºC over S. zeamais and at 28ºC over R. dominica at all parasitoid:host ratios tested. In conclusion, the introduction of A. calandrae could avoid the development of abundant populations of R. dominica and S. zeamais, representing a good control alternative to be further developed for the containment of the two pests in stored rice</subfield>
   </datafield>
   <datafield ind1="8" ind2=" " tag="024">
      <subfield code="a">Solá, Mireia, Jordi Riudavets, and Cristina Castañé. 2020. "Control Of Rhyzopertha Dominica And Sitophilus Zeamais In Stored Rice With Different Release Rates Of The Larval Parasitoid Anisopteromalus Calandrae". Entomologia Generalis. doi:10.1127/entomologia/2020/0899.</subfield>
   </datafield>
   <datafield ind1="8" ind2=" " tag="024">
      <subfield code="a">0171-8177</subfield>
   </datafield>
   <datafield ind1="8" ind2=" " tag="024">
      <subfield code="a">http://hdl.handle.net/20.500.12327/905</subfield>
   </datafield>
   <datafield ind1="8" ind2=" " tag="024">
      <subfield code="a">https://doi.org/10.1127/entomologia/2020/0899</subfield>
   </datafield>
   <datafield ind2="0" ind1="0" tag="245">
      <subfield code="a">Control of Rhyzopertha dominica and Sitophilus zeamais in stored rice with different release rates of the larval parasitoid Anisopteromalus calandrae</subfield>
   </datafield>
</record></metadata></record></GetRecord></OAI-PMH>